000 00759cam a2200253 a 4500
001 1007107
003 OSt
005 20220207074359.0
008 870305s1987 nyuaf b 001 0 eng
010 _a 87040025
020 _a0140092501
040 _aMMU
_cMMU
_dMMU
_beng
050 0 0 _aQ172.5.C45
_bG54 1987
082 0 0 _a003
_219
100 1 _aGleick, James.
245 1 0 _aChaos :
_bmaking a new science /
_cJames Gleick.
260 _aNew York, N.Y., U.S.A. :
_bViking,
_c1987.
300 _axi, 352 p., [10] p. of plates :
_bill. (some col.) ;
_c24 cm.
500 _aIncludes index.
504 _aBibliography: p. 318-340.
650 0 _aChaotic behavior in systems.
906 _a7
_bcbc
_corignew
_d1
_eocip
_f19
_gy-gencatlg
942 _2lcc
_cLOAN LOAN
999 _c16963
_d16963